00244 a2200097 45001000024000002450054000242600020000783000008000986500023001069990017001291 aSIL, Horsleys Green00aLanguage learning handbookbcSIL, Horsleys Green aSIL:b,cc1978. a64p 4aLANGUAGExLEARNING c64228d64202